Nimeä eri auto logot! pt3 - Statistics

Yleistilastot
  • Tätä visaa on pelattu 101 kertaa
  • Keskiarvotulos 9 / 16
Vastaustilastot
Kuvavisa Vastaus % Oikein
jaguar
97%
ferrari
96%
alfa romeo
88%
lamborghini
85%
bentley
79%
Rolls royce
79%
porsche
76%
bugatti
56%
maserati
55%
aston martin
51%
mclaren
51%
chrysler
32%
pagani
28%
koenigsegg
24%
buick
23%
spyker
1%
Ehtoja vastaavia visoja ei löytynyt
Tulosjakauma
Jokaisen tuloksen saaneiden osuus
Persentiili vastausten määrän mukaan
Tuloshistoriasi
Et ole pelannut tätä visaa